| 000 | 00717nam a2200241Ia 4500 | ||
|---|---|---|---|
| 003 | OSt | ||
| 005 | 20220925235726.0 | ||
| 006 | a|||||r|||| 00| 0 | ||
| 007 | ta | ||
| 008 | 220923b |||||||| |||| 00| 0 eng d | ||
| 020 |
_a9789351451044 _c420.75 |
||
| 037 |
_bCBS/323, 05/03/2015, CLASSIC BOOKS SERVICES _cGeneral Book |
||
| 040 |
_aRTL _cRTL _beng |
||
| 041 |
_2eng _aeng |
||
| 082 | _aZ2,2673, Q4 | ||
| 100 | _aMALIK Sumeet | ||
| 245 | 0 | _aPatent law manual | |
| 250 | _a2nd | ||
| 260 |
_a New Delhi _bEastern Book Company _c2014 |
||
| 300 |
_aiii,520p _ccm. |
||
| 942 |
_hZ2,2673, Q4 _cGB _2CC |
||
| 999 |
_c597808 _d597808 |
||